Nuevos estudios sobre la Romanización

Kaydedildi:
Detaylı Bibliyografya
Yazar: Blázquez Martínez, José María (Yazar)
Materyal Türü: Kitap
Dil:İspanyolca
Baskı/Yayın Bilgisi: Madrid Istmo 1989
Seri Bilgileri:Colección Fundamentos, 101
Konular:
Etiketler: Etiketle
Etiket eklenmemiş, İlk siz ekleyin!

MARC

LEADER 00000nam a2200000 a 4500
001 UCX6574
003 CL-VaPUC
008 930728e19890000SP |||||||||||||||||spa|d
082 0 4 |a 936.6  |b BLA  |2 21 
100 |a Blázquez Martínez, José María  |e author  |9 558283 
245 1 0 |a Nuevos estudios sobre la Romanización 
300 |a 641 p 
942 |c BK 
945 |d 19930728 00:00:00 
260 |a Madrid  |b Istmo  |c 1989 
650 0 |a Historia  |9 255047 
651 0 |a España  |9 254926 
651 0 |a Roma   |9 255106 
583 |a last modification  |c 19930728 00:00:00  |k Rodrigo Vera 
490 0 |a Colección Fundamentos, 101 
999 |c 226572  |d 226570 
952 |0 0  |1 0  |4 0  |6 936_600000000000000_BLA_1989  |7 0  |8 A  |9 225061  |a BIBHIS  |b BIBHIS  |d 2019-11-15  |i 2937646  |o 936.6 BLA 1989  |p 2937646  |r 2025-01-20  |w 2019-11-15  |y BK  |k HIS